Soñé que la nieve ardía
Salvato in:
| Autore principale: | |
|---|---|
| Natura: | Libro |
| Lingua: | spagnolo |
| Pubblicazione: |
Concepción
Lar
1986
|
| Soggetti: | |
| Tags: |
Aggiungi Tag
Nessun Tag, puoi essere il primo ad aggiungerne!!
|
MARC
| LEADER | 00000nam a2200000 a 4500 | ||
|---|---|---|---|
| 001 | UCW8438 | ||
| 003 | CL-VaPUC | ||
| 008 | 880907e19860000CL |||||||||||||||||spa|d | ||
| 082 | 0 | 4 | |a Ch863 |b SKA |2 21 |
| 100 | 0 | |a Skármeta, Antonio |e author |9 313617 | |
| 245 | 1 | 0 | |a Soñé que la nieve ardía |
| 300 | |a 228 p | ||
| 942 | |c BK | ||
| 945 | |d 19880907 00:00:00 | ||
| 260 | |a Concepción |b Lar |c 1986 | ||
| 650 | 0 | |a Novela chilena |9 307631 | |
| 583 | |a last modification |c 19880907 00:00:00 |k Rodrigo Vera | ||
| 999 | |c 220813 |d 220811 | ||
| 952 | |0 0 |1 0 |4 0 |6 CH_863_000000000000000_SKA_1986 |7 0 |8 A |9 213516 |a BIBEDU |b BIBEDU |d 2019-11-15 |i 2818507 |o Ch863 SKA 1986 |p 2818507 |r 2019-11-15 |w 2019-11-15 |y BK |k LIT | ||